First Love/Late Spring Lyrics (Mitski) - Statistics

General Stats
  • This quiz has been taken 8 times
  • The average score is 136 of 175
Answer Stats
Lyrics % Correct
A
83%
And
83%
Baby
83%
Back
83%
Behaved
83%
Breathe
83%
Can
83%
Can't
83%
Child
83%
Don't
83%
Find
83%
Five
83%
Go
83%
Grown
83%
Hurry
83%
I
83%
I'm
83%
In
83%
Into
83%
I've
83%
Jump
83%
Lately
83%
Leave
83%
Ledge
83%
Love
83%
Me
83%
Of
83%
Off
83%
On
83%
Please
83%
Say
83%
So
83%
Tall
83%
Tell
83%
The
83%
This
83%
Twenty
83%
Was
83%
When
83%
You
83%
Young
83%
Been
67%
Black
67%
Blues
67%
Breeze
67%
But
67%
Carries
67%
Crawl
67%
Crying
67%
From
67%
Get
67%
Hole
67%
Home
67%
Let
67%
Like
67%
Night
67%
Now
67%
One
67%
Peach
67%
Sleep
67%
Something
67%
Sweet
67%
That
67%
Tree
67%
Wanna
67%
Where
67%
Wild
67%
Window
67%
Women
67%
Word
67%
Would
67%
Big
50%
Sky
50%
To
50%
Top
50%
Walk
50%
Yet
50%
胸がはち切れそうで
33%
No matching quizzes found
Score Distribution
Percent of People with Each Score
Percentile by Number Answered
Your Score History
You have not taken this quiz